000 00316nam a22001217a 4500
008 160425b xxu||||| |||| 00| 0 eng d
020 _a9780132240789
020 _a0132240785
041 _aeng
080 _a618.2
245 _aNursing fundamentals:
_cSara Bolten; Mary Jean Ricci; Donna Taliaferro;
942 _2udc
_cBK
999 _c1581
_d1581